Top 15 safest countries. - Statistics

General Stats
  • This quiz has been taken 26 times
  • The average score is 11 of 15
Answer Stats
starting letter Answer % Correct
J Japan
92%
F Finland
83%
I Iceland
83%
A Austria
79%
D Denmark
79%
I Ireland
75%
N Netherlands
75%
S Switzerland
75%
C Canada
71%
S Singapore
67%
S Slovenia
67%
P Portugal
63%
C Czechia
54%
M Malaysia
54%
N New Zealand
54%
No matching quizzes found
Score Distribution
Percent of People with Each Score
Percentile by Number Answered
Your Score History
You have not taken this quiz